000
00248nam a2200097Ia 4500
001
677218
005
20250826161014.0
008
250824s9999 xx 000 0 und d
245
0
_a
LA FONTAINE MASALLARI
_c
LA FONTAINE
260
_b
TÜRKİYE İŞ BANKASI
999
_c
677218
_d
677218